000 00290nam a22001337a 4500
008 190129b xxu||||| |||| 00| 0 eng d
020 _a0805324224
041 _aeng
080 _a540
100 _a12
101 _aKIM
245 _aChemical Principles
_cDickerson,R.E
942 _2udc
_cBK
999 _c53828
_d53828